000 01744cam a22004574i 4500
003 PE-LiUPU
005 20250731173131.0
008 150623s r 000 0 d
020 _a0963021451
035 _a(Sirsi) i9780963021458
040 _aPE-LiUPU
_bspa
_cPE-LiUPU
_erda
049 _aPRUA
082 0 4 _a269.2
_bS31S
_221
100 1 _aSchneider, Floyd,
_eautor.
245 1 0 _aEvangelism for the faint-hearted /
_cFloyd Schneider.
264 1 _aPorland, Oregon :
_bEARL C. Publishing,
_c1991.
300 _a204 páginas ;
_c21 centímetros
336 _atext
_2rdacontent
337 _aunmediated
_2rdamedia
338 _avolume
_2rdacarrier
504 _aIncluye bibliografía.
505 0 _aThe fear. Come and see!. The master evangelist. The apprentice's preparation. Building bridges. What do I say now?. The principles of witnessing to a friend. Conversation with a stranger. Summary of the twelve principles. Witnessing to a cult member. Short conversations. "He said yes!". And if my friend says no?.
526 _aSEG42
526 _aSEG41
526 _aSEG40
526 _aSEG39
526 _aP94
526 _aP87
526 _aP86
526 _aP85
526 _aP77
526 _aP76
526 _aP35
650 0 4 _aTestimonios (Cristianismo).
942 _2ddc
_cBOOK
949 _a269.2 S31S
_wDEWEY
_c1
_i51601
_lCCODEBUL1
_mBUL
_p10.00
_r0
_sY
_tBOOK
_u2015-6-24
_xTEOLOGIA
_PP35
_0COMPRA
_o.STAFF. Colección General
994 _aC0
_bPEPRU
596 _a1
999 _a269.2 S31S
_wDEWEY
_c33333
_i51601
_f2021-11-10
_g5
_lCCODEBUL1
_mBUL
_p10.00
_r0
_sY
_tBOOK
_u2015-6-24
_xTEOLOGIA
_PP35
_0COMPRA
_o.STAFF. Colección General
_d33333
980 _81
_gALBERTO SANCHEZ Responsable de Automatización